| 000 | 00461nam a2200157Ia 4500 | ||
|---|---|---|---|
| 008 | 150610s9999 xx 000 0 und d | ||
| 020 | _a0 43943842X | ||
| 050 |
_aPZ7 _b.P338 2002 |
||
| 100 | _aPeck, Richard 1934- | ||
| 245 | 2 |
_aA year down yonder / _cRichard Peck. |
|
| 260 |
_aNew York : _bScholastic, _c2002. |
||
| 300 |
_a130pages ; _c20 cm. |
||
| 520 | _aFiction. | ||
| 650 |
_aCountry life-Illinois _xFiction. |
||
| 650 |
_aDepressions-1929 _xFiction. |
||
| 999 |
_c287947 _d287947 |
||